Some features of the growth and yields of RRIC 100 (Record no. 68974)

MARC details
000 -LEADER
fixed length control field 00410nam a2200145Ia 4500
100 ## - MAIN ENTRY--AUTHOR NAME
Personal name Fernando D M
245 #0 - TITLE STATEMENT
Title Some features of the growth and yields of RRIC 100
260 ## - PUBLICATION, DISTRIBUTION, ETC. (IMPRINT)
Name of publisher Rubber Research Institute of Ceylon Quarterly Journal
Year of publication 1970
300 ## - PHYSICAL DESCRIPTION
Number of Pages 78-87
650 ## - SUBJECT ADDED ENTRY--TOPICAL TERM
Topical Term Natural rubber
650 ## - SUBJECT ADDED ENTRY--TOPICAL TERM
Topical Term RRIC 100
700 ## - ADDED ENTRY--PERSONAL NAME
Personal name Wijesinghe W A C
942 ## - ADDED ENTRY ELEMENTS (KOHA)
Koha item type Journals
Holdings
Withdrawn status Lost status Damaged status Not for loan Home library Current library Shelving location Date acquired Serial Enumeration / chronology Koha item type
      Journals RRII Library RRII Library Botany 17/12/2021 Volume 46, Issue 04-Mar Journals